Phương pháp luận sử học

Shranjeno v:
Bibliografske podrobnosti
Glavni avtor: Phan, Ngọc Liên
Format: Knjiga
Jezik:Undetermined
Izdano: Hà Nội Đại học Sư phạm 2007
Teme:
Oznake: Označite
Brez oznak, prvi označite!
Thư viện lưu trữ: Trung tâm Học liệu Trường Đại học Cần Thơ
LEADER 00685nam a2200205Ia 4500
001 CTU_130890
008 210402s9999 xx 000 0 und d
020 |c 41000 
082 |a 907.2 
082 |b L305 
100 |a Phan, Ngọc Liên 
245 0 |a Phương pháp luận sử học 
245 0 |c Phan Ngọc Liên (Chủ biên) ; Đinh Ngọc Bảo ... [et al.] 
260 |a Hà Nội 
260 |b Đại học Sư phạm 
260 |c 2007 
650 |a History,History,Lịch sử,Lịch sử 
650 |x Philosophy,Study and teaching,Triết lý,Học và giảng dạy 
904 |i Giang 
980 |a Trung tâm Học liệu Trường Đại học Cần Thơ